000 00649nam a2200253Ia 4500
005 20260306145438.0
008 008 260114s9999 xx 000 0 eng d
020 _a9781438485171
037 _aEbook
040 _aCRL
040 _beng
040 _cCRL
041 _2eng
041 _aeng
084 _qCRL
100 _aTremblay, Jean-Thomas;Strombeck, Andrew
_91123739
245 0 _aAvant-gardes in crisis : art and politics in the long 1970s
260 _bSuny Press
260 _c2021
650 _aLiterary Studies
856 _uhttps://www.degruyter.com/isbn/9781438485171
942 _cEBOOK
999 _c1688573
_d1688573